| 000 | 00400nam a22001457a 4500 | ||
|---|---|---|---|
| 008 | 230626b |||||||| |||| 00| 0 eng d | ||
| 040 |
_aNational Science Library _cNational Science Library |
||
| 080 |
_aR 37(4/9)(058.7) _bQ4.2 |
||
| 245 | _aEuropa world of learning 2015 | ||
| 250 | _a65th ed. | ||
| 260 |
_aLondon: _bRoutledge, _c1947 |
||
| 300 | _a3265p. | ||
| 650 | _aIndex | ||
| 942 |
_2udc _cREF |
||
| 999 |
_c47347 _d47347 |
||